Normal view
MARC view
- HOME COLLECTING SHOPPING MARRIAGE EDUCATION CAR TRAVEL FITNESS TAXES INVESTMENTS RETIREMENT SUCCESS HEALTH MONEY
Entry Topical Term
001 - CONTROL NUMBER
- control field: 77477
003 - CONTROL NUMBER IDENTIFIER
- control field: NUST
005 - DATE AND TIME OF LATEST TRANSACTION
- control field: 20210628205922.0
008 - FIXED-LENGTH DATA ELEMENTS
- fixed length control field: 210628|| aca||aabn | a|a d
040 ## - CATALOGING SOURCE
- Original cataloging agency: NUST
- Transcribing agency: NUST
150 ## - HEADING--TOPICAL TERM
- Topical term or geographic name entry element: HOME COLLECTING SHOPPING MARRIAGE EDUCATION CAR TRAVEL FITNESS TAXES INVESTMENTS RETIREMENT SUCCESS HEALTH MONEY
670 ## - SOURCE DATA FOUND
- Source citation: Work cat.: (NUST): Bottom Line 77476, The book of inside information money,health,success,retirement,investments,taxes,fitness,car travel,education,marriage,home collecting shopping, 1992
